| 000 | 01877cam a22005054i 4500 | ||
|---|---|---|---|
| 003 | PE-LiUPU | ||
| 005 | 20250731184509.0 | ||
| 008 | 150616s r 000 0 d | ||
| 020 | _a8459968847 | ||
| 035 | _a(Sirsi) i9788459968843 | ||
| 040 |
_aPE-LiUPU _bspa _cPE-LiUPU _erda |
||
| 049 | _aPRUA | ||
| 082 | 0 | 4 |
_a985 _bK26 _221 |
| 100 | 1 |
_aKauffmann Doig,fFederico, _eautor. |
|
| 245 | 1 | 0 |
_aHistoria General de los Peruanos : _bEl Perú Republicano. |
| 264 | 1 |
_aLima : _bEdiciones PEISA, _c1986. |
|
| 300 |
_a765 páginas : _bIlustraciones ; _c22 centímetros |
||
| 336 |
_atext _2rdacontent |
||
| 337 |
_aunmediated _2rdamedia |
||
| 338 |
_avolume _2rdacarrier |
||
| 505 | 0 | _aTupac Amaru: precursor de la independencia.- Emancipación y Republica hasta 1899.- El Perú de 1900 a 1985.- Indagaciones sobre el Perú republicano. | |
| 526 | _aP136 | ||
| 526 | _aP135 | ||
| 526 | _aP134 | ||
| 526 | _aP133 | ||
| 526 | _aP144 | ||
| 526 | _aP143 | ||
| 526 | _aP87 | ||
| 526 | _aP35 | ||
| 526 | _aP20 | ||
| 526 | _aP14 | ||
| 526 | _aP10 | ||
| 526 | _aP06 | ||
| 651 |
_aPerú _xHistoria _yEpoca republicana. |
||
| 700 | 1 | _aDocafe, Enrique. | |
| 910 |
_ajck _bjvq _cjck |
||
| 942 |
_2ddc _cBOOK |
||
| 949 |
_a985 K26 _wDEWEY _c1 _i29494 _d2016-8-29 _e2016-8-25 _lCCODEBUL1 _mBUL _n1 _p59.99 _r0 _sY _tBOOK _u2015-6-16 _xEDUCACION _PP20 _0COMPRA _o.STAFF. Colección General |
||
| 949 |
_a985 K26 _wDEWEY _c2 _i29496 _lCCODEBUL1 _mBUL _p59.99 _r0 _sY _tBOOK _u2016-9-19 _xEDUCACION _PP20 _0COMPRA _o.STAFF. Colección Educación |
||
| 994 |
_aC0 _bPEPRU |
||
| 596 | _a1 | ||
| 999 |
_a985 K26 II _wLC _c11753 _i29495 _d11753 _e2018-6-3 _f2021-11-8 _g5 _lCCODEBUL1 _mBUL _n1 _r0 _sY _tBOOK _u2016-8-8 _xBIBLIOTECA _PP20 _0COMPRA _o.STAFF. Colección General |
||
| 980 |
_81 _gALBERTO SANCHEZ Responsable de Automatización |
||